Comparison of different architectures of hybrid ARIMA-ANN models in prediction of aggregate water consumption

ARIMA modely pre modelovanie časových radov. Hybridizácia ARIMA modelov a neurónových sietí do jedného predikčného systému. Výsledky prognózy. Tri rozličné štruktúry hybridných ARIMA-ANN modelov.

Guardado en:
Detalles Bibliográficos
Autor principal: Rublíková, Eva
Otros Autores: Šterba, Ján, Hiľovská, Katarína
Formato: Capítulo de libro
Lenguaje:inglés
Materias:
Etiquetas: Agregar Etiqueta
Sin Etiquetas, Sea el primero en etiquetar este registro!

MARC

LEADER 00000nla$a2200000$$$4500
001 0114372
005 20240502072256.5
041 0 |a eng 
044 |a SK 
245 1 0 |a Comparison of different architectures of hybrid ARIMA-ANN models in prediction of aggregate water consumption  |c Eva Rublíková, Ján Šterba, Katarína Hiľovská 
520 |a ARIMA modely pre modelovanie časových radov. Hybridizácia ARIMA modelov a neurónových sietí do jedného predikčného systému. Výsledky prognózy. Tri rozličné štruktúry hybridných ARIMA-ANN modelov. 
610 2 0 |a siete neurónové 
610 2 0 |a rady časové 
610 2 0 |a modely 
610 2 0 |a prognózy 
100 1 |a Rublíková, Eva 
700 1 |a Šterba, Ján 
700 1 |a Hiľovská, Katarína